000 00637nam a2200217Ii 4500
003 JO-AjNU
008 230606s9999||||xx |||||||||||||| ||und||
020 _a978-0-07-136473-7
040 _aJO-AjNU
_beng
_erda
_cJO-AjNU
041 _aeng
050 1 4 _aTA151.S8 2003
100 3 _aRicketts, Jonathan ,
_eauthor
_95056
245 0 0 _aStandared Hand book for Civil Engineers
250 _a5 ed
264 3 1 _aNew York :Mcgraw hill ,2004
300 _a2344p
336 _atext
_btxt
_2rdacontent
337 _aunmediated
_bn
_2rdamedia
338 _avolume
_bnc
_2rdacarrier
650 4 _aStandared Hand book for Civil Engineers
_95057
999 _aE2615
_c2613
_d2613